Gatunki wydr - Statystyki

Ogólne statystyki
  • Ten quiz został rozwiązany 7 razy
  • Średni wynik to 4 z 10
Statystyki odpowiedzi
Siedlisko Wydra % Poprawnych
Eurazja i Północna Afryka Wydra europejska
100%
Japonia Wydra japońska
60%
Ameryka Południowa Wydra wielka
60%
Ameryka Północna Wydra kanadyjska
40%
Chile i Argentyna Wydrak patagoński
40%
Sahel i Zachodnia Afryka Wyderka białolica
20%
Azja Południowo-Wschodnia Wyderka orientalna
20%
Kamczatka i Alaska Wydra morska
20%
Afryka Wydra plamoszyja
20%
Sumatra, Borneo i Półwysep Malajski Wydra sumatrzańska
20%
Nie znaleziono quizów pasujących do podanych kryteriów
Rozkład punktacji
Procent ludzi z każdym wynikiem
Percentyl według liczby udzielonych odpowiedzi
Twoja historia wyników
Nie rozwiązałeś tego quizu